00619nam a2200169Ia 4500952014600000999001700146003000400163005001700167008004100184040000900225082002200234100003400256245005600290260004400346300000900390942005000399 00102ddc40708POLITICAL SCIENCEaMESbMEScPOLd2019-02-20g60.00l0o320.953804 IQB/Ep20229r2019-02-20 00:00:00w2019-02-20yBKzGL10R2 c20378d20378OSt20200609113807.0190216s9999||||xx |||||||||||||| ||und|| coclc a320.953804bIQB/E a Iqbal, Sheikh Mohammad92185 0aEmergence Of Saudi Arabia /cSheikh Mohammad Iqbal bSaudiyah Publishaers,c1985.aSrinagar: a204p cBK2ddch320.953804iIQB/Ek320.953804mIQB/E